| 000 | 01094nac a22002771u 4500 | ||
|---|---|---|---|
| 010 | _a88020018 | ||
| 020 | _a081562445X (alk. paper) | ||
| 020 | _a0815624492 (pbk. : alk. paper) | ||
| 020 | _a9774242114 : | ||
| 082 | 0 | 0 |
_a306.09174927 _bARA |
| 090 |
_c9117 _d9117 |
||
| 100 | _a20080729 | ||
| 245 | 0 | 0 |
_aArab women in the field : studying your own society / _cedited by Soraya Altorki and Camillia Fawzi El-Solh. |
| 260 |
_aEgypt : _bThe American University in Cairo Press,1989. _cc1989. |
||
| 300 |
_axii, 184 p. ; _c23 cm. |
||
| 500 | _aDistributer: Al-Ahram | ||
| 504 | _aIncludes bibliographical references and index. | ||
| 511 | _a Catalogued by: Sara | ||
| 650 | 0 |
_aEthnology _xFieldwork _zArab countries. |
|
| 650 | 0 |
_aWomen anthropologists _zArab countries. |
|
| 650 | 0 |
_aWomen _xResearch _zArab countries. |
|
| 700 | 1 | _aAltorki, Soraya. | |
| 700 | 1 | _aEl-Solh, Camillia Fawzi. | |
| 942 |
_cBB _k306.09174927ARA |
||
| 999 |
_c9117 _d9117 |
||